000 00581nam a2200181 a 4500
001 000035401
005 20200930074321.0
008 111031s1986 xxua r 000 0 spa d
020 _a0130295884
040 _aDO-SdBNP
_bspa
_cBNPHU
082 _axxxx
_bxxxx
100 1 _aLugton, Robert C.
_961228
245 1 0 _aAmerican topics :
_ba reading-vocabulary text for speakers of english as a second language /
_cRobert C. Lugton.
250 _a2a ed.
260 _aEstados Unidos :
_bPrentice-Hall,
_c1986.
300 _axxiv, 264 p. :
_bil. ;
_c23 cm.
590 _aInventariado, 2019/BT
999 _c34892
_d34892